00379pab a2200133 454500008004000000100002300040245005600063260000900119300001500128362001100143650003700154650002000191773003400211180718b2001 xxu||||| |||| 00| 0 eng d aSadanandan, Rajeev aGovernment health services in Kerala: who benefits? c2001 ap.3071-077 a11 Aug aHealth services - India - Kerala aHealth services aEconomic and Political Weekly